Statistics for New Hampshire's Largest Lakes

Click here to take the quiz!

General Stats

  • This quiz has been taken 42 times
  • The average score is 7 of 20

Answer Stats

Area (acres)Answer% Correct
144,586.0Lake Winnipesaukee
78%
36,790.7Squam Lake
73%
64,136.2Lake Sunapee
62%
44,450.7Newfound Lake
57%
54,237.5Winnisquam Lake
57%
103,071.0First Connecticut Lake
49%
181,102.1Second Connecticut Lake
43%
83,245.3Ossipee Lake
41%
121,933.8Lake Francis
30%
112,561.4Massabesic Lake
27%
27,538.9Umbagog Lake
27%
20969.4Silver Lake
27%
93,115.6Lake Wentworth
24%
161,165.3Mascoma Lake
22%
171,160.7Bow Lake
19%
73,490.0Moore Reservoir
16%
131,829.6Great East Lake
14%
141,299.0Conway Lake
14%
151,233.0Merrymeeting Lake
11%
191,093.0Comerford Reservoir
8%

Score Distribution

Percentile by Number Answered

Percent of People with Each Score

Your Score History

You have not taken this quiz